00333nam a2200121Ia 4500008004100000040001600041041001200057082001800069100002000087245006000107260002600167300001800193230917s9999||||xx |||||||||||||| ||und|| e14224aMAIN aEnglish a330.122 G723C aGoudzwaard, Bob 0aCapitalism and progress: A diagnosis of western society aTorontobWeldgec1979 axxvii, 270 p.